000 nam a22 7a 4500
999 _c8216
_d8216
008 171212b xxu||||| |||| 00| 0 eng d
100 _aNCERT
_94644
245 _aLittle Steps
260 _aNew Delhi
_c2005